[Event "Besancon op"]
[Site "Besancon"]
[Date "2005.12.29"]
[Round "6"]
[White "Lurbe, Johanna"]
[Black "Desmurger, Jerome"]
[Result "0-1"]
[WhiteElo "1590"]
[BlackElo "1620"]
[PlyCount "102"]
[EventDate "2005.12.27"]
[EventType "swiss"]
[EventRounds "7"]
[EventCountry "FRA"]
[SourceTitle "CBM 110 Extra"]
[Source "ChessBase"]
[SourceDate "2006.03.10"]
[SourceVersion "2"]
[SourceVersionDate "2006.03.10"]
[SourceQuality "1"]

1. e4 c6 2. d4 d5 3. Nc3 dxe4 4. Nxe4 Nd7 5. Nf3 Ngf6 6. Ng3 Qc7 7. Bc4 Nb6 8. Bb3 Bg4 9. h3 Bxf3 10. Qxf3 e6 11. Bf4 Qd8 12. 0-0-0 a5 13. a4 Be7 14. Be5 0-0 15. Nh5 Nbd7 16. Ng3 Rc8 17. Ne4 c5 18. Nxf6+ Bxf6 19. Bxf6 Nxf6 20. dxc5 Qe7 21. Qe3 Nd7 22. c6 Rxc6 23. Bd5 Rb6 24. Bb3 Rb4 25. Rd5 b6 26. Rd4 Rc8 27. Rxb4 Qxb4 28. Bxe6 Re8 29. Bxf7+ Kxf7 30. Qf3+ Nf6 31. Rd1 Re7 32. b3 Qe4 33. Qxe4 Nxe4 34. f3 Nf6 35. Rd2 Nh5 36. g4 Nf4 37. h4 Re3 38. Rd7+ Kf6 39. g5+ Kg6 40. Rd6+ Re6 41. Rd7 h6 42. gxh6 gxh6 43. Rd2 Kh5 44. Rh2 Re3 45. Kd2 Rxf3 46. c4 Rxb3 47. Rf2 Rb2+ 48. Ke3 Rxf2 49. Kxf2 Ng6 50. Kg3 Nxh4 51. Kh3 Nf5 0-1